000 00811cam a22002651 4500
001 23504
003 BD-RjUL
005 20211209000934.0
008 140311s1949 enkcf b 001 0beng
035 _a(BD-RjUL)23569
035 _a(OCoLC)783714
040 _aDLC
_cOKentU
_dOCoLC
_dDLC
_dBD-RjUL
_beng
041 _aeng
082 _a928.2
_bLER 1949
100 1 _aLeon, Derrick,
_d1908-1944.
_972360
245 0 0 _aRuskin, the great Victorian /
_cby Derrick Leon.
260 _aLondon :
_bRoutledge & K. Paul,
_c1949.
300 _axx, 595 p. :
_bplate, ports ;
_c23 cm.
500 _a"Chief sources of material": p. 583-586.
504 _aIncludes bibliographical references and index.
600 1 0 _aRuskin, John,
_d1819-1900.
_974783
942 _2ddc
_cBK
999 _c23504
_d23504